000 00528nam a2200193Ia 4500
003 GCL
008 140319s9999 xx 000 0 ara d
040 _aGCL /
_cGCL
082 0 4 _a812.008
_bا ا
100 1 _aالفريد فرج
245 1 0 _aاتنين فى قفة /
_cالفريد فرج
260 _a[S.N] :
_bدار سعاد الصباح ،
_c1993
300 _a147 ص
490 _a
650 0 4 _aالادب العربى
650 0 4 _aالمسرحيات
650 0 4 _aالمسرح العربى
942 _2ddc
_cBK
999 _c33763
_d33763